000 01039nac a22002291u 4500
008 101031t xxu||||| |||| 00| 0 eng d
020 _a1859647693
020 _a9781859647699
082 _a428.24
_bPHI
100 _aPhillips, terry
_920776
245 _aSkills in English. Speaking. Level 2. Student's CD /
_cTerry Phillips
250 _a2nd ed.
260 _aLondon:
_bGarnet education,2004.
_cc2004.
300 _a1 Sound disc :
_bdigital, stereo. ;
_c4 3/4 in.
511 _aCatalogued by: Sara
650 _aEnglish language
_vTextbooks for foreign speakers
_920777
650 _aEnglish language
_vProblems, exercises, etc.
_xGrammar
_920778
650 _aEnglish language
_xstudy and teaching for foreign speakers
_920779
942 _cCDR
_k428.24PHI
_2ddc
999 _c5209
_d5209